| 000 | 01198nam a2200373 4500 | ||
|---|---|---|---|
| 001 | 21469 | ||
| 003 | VRT | ||
| 005 | 20260302131737.0 | ||
| 008 | 110916s2010 xr a 00| 1 slo c | ||
| 020 | _a9788025215159 (viaz.) | ||
| 039 | 9 |
_a202403290300 _bAUTHORITY _c202304202234 _dAUTHORITY _c201109191404 _dmktv02 |
|
| 040 |
_aTVZK _bslo _cTVZK _eAACR2 |
||
| 041 | 1 |
_aslo _heng |
|
| 044 |
_axr _cCZ |
||
| 072 | 7 |
_a821.111-3 _xAnglická próza, anglicky písaná _2konspekt |
|
| 080 |
_a821.111 _22001 |
||
| 080 |
_a821.111-34 _22001 |
||
| 100 | 1 |
_aAwdry, W., _d1911-1997 |
|
| 245 | 1 | 0 |
_aDobrodružstvá rušňa Tomáša _n1 _cpodľa rev. W. Awdryho ; ilustrácie Robin Davies a Jerry Smith |
| 250 | _a4. vyd. | ||
| 260 |
_aPraha _bEgmont _c2010 |
||
| 300 |
_a[76] s. _bfareb. ilustr. _c27 cm |
||
| 490 | 1 | _aTomáš a jeho kamaráti | |
| 500 | _aPreložené z angličtiny | ||
| 500 | _aNa obálke uvedení autori: W. a CH. Awdry | ||
| 650 | 0 | 7 | _aanglická literatúra |
| 655 | 7 | _aanglické rozprávky | |
| 700 | 1 |
_aDavies, Robin, _d1950- _4ill |
|
| 700 | 1 |
_aSmith, Jerry _4ill |
|
| 700 | 1 |
_aAwdry, Ch. _4aut |
|
| 830 | 0 | _aTomáš a jeho kamaráti | |
| 910 | _atvzk | ||
| 942 |
_2ddc _cKLDE _n0 |
||
| 999 |
_c21469 _d21469 |
||